| 000 | 00446nam a2200169 4500 | ||
|---|---|---|---|
| 999 |
_c531 _d531 |
||
| 001 | 730 | ||
| 005 | 20191031134833.0 | ||
| 008 | 191031b ||||| |||| 00| 0 eng d | ||
| 090 | 0 | 0 | _a954.98 N138b 1986. |
| 100 | 0 | 0 | _aNado. |
| 245 | 0 | 0 |
_aའབྲུག༌དཀར༌པོ། _cNado. |
| 260 | 0 | 0 |
_aBumthang : _bThurpaling Monastery, _c1986. |
| 300 | 0 | 0 | _axiv, 242p. |
| 500 | 0 | 0 | _aIn Dzongkha. |
| 650 | 0 | 0 | _aBhutan --History. |
| 942 |
_2ddc _cDZONGKHA |
||